• 首页
  • 本馆介绍
  • 公告通知
  • 最新文献
  • 馆藏检索
  • 电子资源
  • 读者导购
  • 参考咨询
  • 我的图书馆
  • 登录
  • 详细信息显示
  • 放入我的书架
  • 预约/预借图书
  • 作者相关作品
  • 分类相关作品
  • 丛书相关作品
  • 出版社相关作品

书目信息

  • 表格格式
  • 工作单格式
  • 卡片格式
书名: Robinson crusoe
作者:
分册号:
分册名:
出版地: Beijing :
 
出版社: Commercial Pr
出版时间: 1995.
页数: 352 p. ;
开本: 19 cm.
丛书名:
中图分类号:
科图分类号:
其他分类号: H319.4
主题词:
电子资源:
000 00725nam 2200217 a 4500
001 E0733673000
005 20071006092240.76
008 970225s1995 ch 000 0 eng
008 uu
020    @a7100011930 :@cCNY11.70.
040    @aNLC
049    @aN5LA
090    @aH319.4
096    @aI561.44 @v3
099    @dH319.4@ex621
100 1  @aDefoe, Daniel, @d1661?-1731.
245 10 @aRobinson crusoe
260    @aBeijing :@bCommercial Pr.,@c1995.
300    @a352 p. ;@c19 cm.
700 10 @aWang, Zuoliang, @eed. @b00 @c20020930 @lNLC09 @h2243 @b40 @c20021229 @lNLC09 @h0747 @b40 @c20021229 @lNLC09 @h0747 @b00 @c20021229 @lNLC09 @h0748 @lNLC09 @h2211 @lNLC09 @h1802
852 9  @bWWJC @cJ09 @k2-97 @hI561.44 @iD31R
    
    Robinson crusoe.-Beijing : : Commercial Pr., , 1995.
    352 p. ; ; 19 cm.
    
    
    ISBN 7100011930 :CNY11.70.
    
●
相关链接 在E读中查询图书 在五车中查询图书 在当当中查询图书 在豆瓣中查询图书


正题名:Robinson crusoe     索取号:H319.4/x621         预约/预借

序号 登录号 条形码 馆藏地/架位号 状态 备注
1 17588   300175888   第二样本阅览室/ [索取号:H319.4/x621] 在馆    
唐山师范学院图书馆 欢迎您!
大连网信软件有限公司© 版权所有